| 000 | 00389nam a2200169Ia 4500 | ||
|---|---|---|---|
| 005 | 20251020182549.0 | ||
| 008 | 200515s9999 xx 000 0 und d | ||
| 082 | _aR/058(85)/A60 | ||
| 110 | _aAsociación Peruana de ConsultorÃa | ||
| 245 | 0 | _aDirectorio de empresas 2000 | |
| 260 | _aLima | ||
| 260 | _c2000 | ||
| 300 | _a72 | ||
| 650 | _aDIRECTORIO | ||
| 650 | _aLIB | ||
| 942 | _cLIB | ||
| 999 |
_c2676 _d2676 |
||